Amendments to Part H (Record no. 70182)

MARC details
000 -LEADER
fixed length control field 01143cam a2200229 4500
001 - CONTROL NUMBER
control field ABS65326
008 - FIXED-LENGTH DATA ELEMENTS--GENERAL INFORMATION
fixed length control field 020508n2002 000 0 eng u
035 ## - SYSTEM CONTROL NUMBER
System control number (Sirsi) u117856
100 ## - MAIN ENTRY--PERSONAL NAME
Personal name Fairley, M
245 ## - TITLE STATEMENT
Title Amendments to Part H
260 ## - PUBLICATION, DISTRIBUTION, ETC.
Date of publication, distribution, etc. 2002
490 ## - SERIES STATEMENT
Series statement Building Engineer
Volume/sequential designation 77(4) April 2002, 24-26(3)
520 ## - SUMMARY, ETC.
Summary, etc. Detailed summary of provisions of new Part H amendments of Building Regulations, which offer practical and long-term approach to drainage and waste disposal issues. Areas addressed are foul drainage, wastewater treatment systems and cesspools, rainwater drainage, building over sewers, separate systems of drainage and solid waste storage. Looks at issue of sustainable drainage, and concludes amendments move forward progress of sustainable drainage. Approved document available at http://www.safety.dtlr.gov.uk/bregs/brads.htm
590 ## - LOCAL NOTE (RLIN)
Local note ABS
650 ## - SUBJECT ADDED ENTRY--TOPICAL TERM
Topical term or geographic name entry element WASTE DISPOSAL
650 ## - SUBJECT ADDED ENTRY--TOPICAL TERM
Topical term or geographic name entry element DRAINAGE
650 ## - SUBJECT ADDED ENTRY--TOPICAL TERM
Topical term or geographic name entry element BUILDING REGULATIONS
9 (RLIN) 6224
650 ## - SUBJECT ADDED ENTRY--TOPICAL TERM
Topical term or geographic name entry element BUILDING REGULATIONS 2000 APPROVED DOCUMENT H (2002 EDITION)
650 ## - SUBJECT ADDED ENTRY--TOPICAL TERM
Topical term or geographic name entry element Sustainability
9 (RLIN) 6271
690 ## - LOCAL SUBJECT ADDED ENTRY--TOPICAL TERM (OCLC, RLIN)
Topical term or geographic name as entry element Block management
9 (RLIN) 6220
942 ## - ADDED ENTRY ELEMENTS (KOHA)
Suppress in OPAC 0
Holdings
Withdrawn status Lost status Source of classification or shelving scheme Damaged status Not for loan Home library Current library Shelving location Date acquired Total Checkouts Full call number Barcode Date last seen Copy number Price effective from Koha item type
    Dewey Decimal Classification     London London Journal article 08/05/2002   ABS65326 117856-1001 06/08/2019 1 06/08/2019 Journal article